มหากษัตราธิราช (ระเบียนเลขที่ 12178)
| 000 -LEADER | |
|---|---|
| fixed length control field | 01483nam a22002657a 4500 |
| 005 - DATE AND TIME OF LATEST TRANSACTION | |
| control field | 20240207132536.0 |
| 008 - FIXED-LENGTH DATA ELEMENTS--GENERAL INFORMATION | |
| fixed length control field | s2544 th tha d |
| 020 ## - INTERNATIONAL STANDARD BOOK NUMBER | |
| International Standard Book Number | 9749091744 |
| 040 ## - CATALOGING SOURCE | |
| Original cataloging agency | NALT |
| 041 ## - LANGUAGE CODE | |
| Language code of text/sound track or separate title | tha |
| 050 ## - LIBRARY OF CONGRESS CALL NUMBER | |
| Classification number | DS578 ม226 2544 |
| 245 10 - TITLE STATEMENT | |
| Title | มหากษัตราธิราช |
| 260 3# - PUBLICATION, DISTRIBUTION, ETC. | |
| Place of publication, distribution, etc. | นนทบุรี : |
| Name of publisher, distributor, etc. | จดหมายเหตุ, |
| Date of publication, distribution, etc. | 2544 |
| 300 ## - PHYSICAL DESCRIPTION | |
| Extent | 544 หน้า : |
| Other physical details | ภาพประกอบ ; |
| Dimensions | 22 ซม. |
| 650 04 - SUBJECT ADDED ENTRY--TOPICAL TERM | |
| Topical term or geographic name entry element | กษัตริย์และผู้ครองนคร -- ไทย |
| 650 04 - SUBJECT ADDED ENTRY--TOPICAL TERM | |
| Topical term or geographic name entry element | จอมเกล้าเจ้าอยู่หัว, พระบาทสมเด็จพระ, 2347--2411 |
| 650 04 - SUBJECT ADDED ENTRY--TOPICAL TERM | |
| Topical term or geographic name entry element | จุลจอมเกล้าเจ้าอยู่หัว, พระบาทสมเด็จพระ, 2396--2453 |
| 650 04 - SUBJECT ADDED ENTRY--TOPICAL TERM | |
| Topical term or geographic name entry element | นั่งเกล้าเจ้าอยู่หัว, พระบาทสมเด็จพระ, 2330--2394 |
| 650 04 - SUBJECT ADDED ENTRY--TOPICAL TERM | |
| Topical term or geographic name entry element | พุทธยอดฟ้าจุฬาโลกมหาราช, พระบาทสมเด็จพระ, 2279--2352 |
| 650 04 - SUBJECT ADDED ENTRY--TOPICAL TERM | |
| Topical term or geographic name entry element | พุทธเลิศหล้านภาลัย, พระบาทสมเด็จพระ, 2310--2347 |
| 650 04 - SUBJECT ADDED ENTRY--TOPICAL TERM | |
| Topical term or geographic name entry element | สงคราม 9 ทัพ |
| 650 04 - SUBJECT ADDED ENTRY--TOPICAL TERM | |
| Topical term or geographic name entry element | ไทย -- ประวัติศาสตร์ -- กรุงธนบุรี--กรุงรัตนโกสินทร์ |
| 850 ## - HOLDING INSTITUTION | |
| Holding institution | NALT |
| 942 ## - ADDED ENTRY ELEMENTS (KOHA) | |
| Koha item type | General Book |
| Source of classification or shelving scheme | Library of Congress Classification |
| 998 ## - LOCAL CONTROL INFORMATION (RLIN) | |
| -- | 4576 |
| -- | นักศึกษาฝึกงาน-02 |
| Withdrawn status | Lost status | Damaged status | Not for loan | Collection code | Home library | Current library | Cost, normal purchase price | Total Checkouts | Full call number | Barcode | Date last seen | Cost, replacement price | Price effective from | Koha item type |
|---|---|---|---|---|---|---|---|---|---|---|---|---|---|---|
| General Book collection | National Assembly Library of Thailand | National Assembly Library of Thailand | 370.00 | DS 578 ม226 2544 | 3961118622 | 09/06/2017 | 420.00 | 09/06/2017 | General Book |
